[Event "Qatar Masters op"]
[Site "Doha"]
[Date "2014.11.29"]
[Round "4"]
[White "Giri, Anish"]
[Black "Oleksienko, Mikhailo"]
[Result "1-0"]
[WhiteElo "2776"]
[BlackElo "2620"]
[Annotator "Sagar Shah"]
[PlyCount "35"]
[EventDate "2014.11.26"]
[EventType "swiss"]
[EventRounds "9"]
[EventCountry "QAT"]
[SourceTitle "CBM 164"]
[Source "ChessBase"]
[SourceDate "2015.01.15"]
[SourceVersion "1"]
[SourceVersionDate "2015.01.15"]
[SourceQuality "1"]
[WhiteClock "0:45:11"]
[BlackClock "0:30:23"]

{Giri was in excellent form in the Qatar Masters 2014. He won the first six
games in the tournament before losing the next two to Kramnik and Yu Yangyi.
This was his fourth round miniature against the Ukrainian Mikhailo Oleksienko.
} 1. e4 c6 2. d4 d5 3. e5 Bf5 4. h4 c5 {It seems as if Black has mixed the two
systems of the Caro-Kann with e4 c6 d4 d5 e5 c5!? and the one with 3...Bf5.
But this is a viable way to play with Black and many players have done so in
the past.} (4... h5 {is the more common way to play.}) 5. dxc5 (5. c3 {A move
like c3 which strengthens the pawn chain would be too slow and not in the
spirit of the positions. Anish's move dxc5 is more active and takes advantage
of the loss of tempo with c7-c6 followed by c6-c5.}) 5... Nc6 6. Bb5 Qc7 {
Till this point everything has been played in a few games before, the most
popular being Morozevich vs Bareev. That game witnessed Nc3. Anish deviates
with Ne2.} (6... e6 $2 {is of course a blunder as the bishop now gets trapped.}
7. Bxc6+ $1 (7. g4 {is not the most accurate as Black can wriggle out with}
Qa5+ 8. Nc3 d4 $1 9. Qxd4 Bxc2 $14 {with a minimal disadvantage.}) 7... bxc6 8.
g4 Be4 9. f3 $16) 7. Ne2 {Giri made this move to bring his opponent out of his
preparation. And it worked as from this point onwards Oleksienko started
consuming a lot of time for his moves.} (7. Qxd5 $5 {looks wrong on the
surface as you let Black develop further with tempo. No one has tried it
before but somehow the computer likes White's position.} e6 8. Bxc6+ bxc6 9.
Qd4 Rd8 (9... Bxc2 10. Na3 $1 Rd8 11. Qc3 Be4 12. Nf3 $14) 10. Qc3 Ne7 11. Nf3
Nd5 12. Qc4 Qa5+ 13. c3 Bxc5 14. O-O $14) (7. Nc3 e6 (7... O-O-O $6 {was
played in Morozevich-Bareev but White is just better after} 8. Bxc6 Qxc6 9. Qd4
e6 10. Be3 $16) (7... Qxe5+ 8. Be3 $36) 8. Be3 $14 {[%cal Ge3d4] White has an
edge.}) 7... Qxe5 {According to Giri taking this pawn was wrong as he could
now develop his pieces very quickly.} (7... e6 {was a safer alternative.} 8.
Be3 a6 9. Bxc6+ bxc6 10. Bd4 f6 11. f4 Nh6 12. exf6 gxf6 13. Bxf6 Rg8 $44) 8.
Bf4 {A bold move. Anish is sure about the compensation he would get after
Black takes the b2-pawn.} (8. Nbc3 {was objectively stronger.} e6 9. Bf4 Qf6
10. Bg5 Qe5 11. Qd4 $1 Qc7 12. Ng3 Bxc2 13. Rc1 $36 {White has a huge
initiative.}) 8... Qxb2 {Taking up the challenge.} 9. Nbc3 Nf6 (9... Bxc2 $5 {
and now White has two possibilities.} 10. Qxd5 {This is more in the spirit of
the evergreen game in which White sacrifices both his rooks.} (10. Qc1 {
is too tame.} Qxc1+ 11. Rxc1 Bf5 12. Nd4 Bd7 13. Nxd5 O-O-O {Black has a fine
position.}) 10... Qxa1+ 11. Kd2 Rd8 {is relatively the best move but White
keeps an edge after} (11... Be4 $2 12. Qxe4 Qb2+ 13. Ke1 $16 {White has just
too much activity for the sacrificed material.}) (11... Qxh1 {is impossible
due to} 12. Bxc6+ bxc6 13. Qxc6+ Kd8 14. Bc7+ Kc8 15. Bb6+ Kb8 16. Qc7#) 12.
Bxc6+ bxc6 13. Qxd8+ Kxd8 14. Rxa1 $36) (9... Qxc2 $2 {is bad due to} 10. Qxc2
Bxc2 11. Nd4 $16) 10. O-O {[%csl Rb2,Gb5,Gc3,Ge2,Re8,Gf4,Gg1] The basic fact
that White has developed all his pieces and castled his king to safety is
going to put a lot of pressure on Black to find an accurate defence. And it is
quite possible that a defence no longer exists.} Qb4 (10... Qxc2 11. Qxc2 Bxc2
12. Nd4 $16) (10... e6 11. Ba4 $1 {with the idea of Rb1.}) 11. Rb1 {Pawns are
no longer important. White keeps bringing more pieces into the game.} Qxc5 12.
Ba4 $1 {How can Black defend the b7-pawn?} e5 {We are just 12 moves into the
game and Black is already in a desperate position. Such a move like ...e5
cannot be good as it opens the position further. But there was nothing much
anyway that Black could do.} (12... b6 13. Rb5 $1 Qc4 14. Bb3 $18) (12... O-O-O
13. Rb5 $1 Qa3 14. Qb1 Rd7 15. Rb3 Qc5 16. Bxc6 Qxc6 17. Nb5 $18 {would launch
a devasting attack.}) 13. Bxe5 Ng4 (13... Be7 14. Rxb7 $18) 14. Bg3 O-O-O 15.
Bxc6 (15. Rb5 {was also a strong move.}) 15... Qxc6 (15... bxc6 16. Nd4 $18 {
[%cal Gb1b8]}) 16. Nb5 Bc5 17. Ned4 Qf6 18. Qf3 {Material is soon going to be
lost for Black and before that happened, Oleksienko decided to throw in the
towel. A very nice win by Anish who showed the importance of development over
material.} (18. Qf3 Be6 19. Nxa7+ $1 Bxa7 20. Qc3+ Kd7 21. Rxb7+ Ke8 22. Rxa7
$18) 1-0

[Event "Qatar Masters op"]
[Site "Doha"]
[Date "2014.12.04"]
[Round "9"]
[White "Akopian, Vladimir Eduardovic"]
[Black "Giri, Anish"]
[Result "0-1"]
[WhiteElo "2657"]
[BlackElo "2776"]
[Annotator "Havasi,G"]
[PlyCount "106"]
[EventDate "2014.11.26"]
[EventType "swiss"]
[EventRounds "9"]
[EventCountry "QAT"]
[SourceTitle "CBM 164"]
[Source "ChessBase"]
[SourceDate "2015.01.15"]
[SourceVersion "1"]
[SourceVersionDate "2015.01.15"]
[SourceQuality "1"]

1. e4 c5 2. Nf3 e6 3. d4 cxd4 4. Nxd4 Nc6 5. Nc3 Qc7 6. Be3 a6 7. Qd2 Nf6 8.
O-O-O Bb4 9. f3 Ne5 10. Nb3 b5 11. Kb1 Be7 {In this Paulsen System, Black
often plays ...Be7 after ...Bb4, as he wants to play ...b4.} (11... Nc4 {
is the other move, when} 12. Bxc4 bxc4 {leads to a complicated position.}) 12.
Qf2 Bb7 {This is a rare move, but has the logical idea of developing the B
first.} (12... d6 {is the most common move} 13. g4 Nfd7 14. Rg1 g5 {was played
in Dominguez-Mamedyarov, Tromso ol (Men) 41st 2014.}) 13. Bb6 {White chases
away the Q and wants to play Bd4, where the B is well placed.} Qb8 14. Bd4 d6
$146 {Black wants to keep the knight on e5.} (14... Nc6 {was played before} 15.
Be3 d6 16. g4 Nd7 17. g5 Qc7 18. h4 Nce5 19. Rg1 b4 20. Na4 Nxf3 21. Qxf3 Bc6
22. Bd4 $36 {Moreno Carnero-Al Modiahki, Port Erin 2003}) 15. g4 {White plays
the most logical way. There are possibilities like a3, but this seems better.}
b4 16. Na4 $2 {This move misses a tactical shot} ({In the event of the
intermediate} 16. g5 Nfd7 (16... bxc3 $2 17. gxf6 Bxf6 18. Bxc3 $36) (16...
Nfg4 $5 17. fxg4 bxc3) 17. Ne2 Qc7 $13) (16. Bxe5 {White wants to play Na4,
but it can't be played immediately for the reasons seen in the game.} dxe5 17.
Na4 Qc7 $13) (16. Ne2 {is the most logical move} Nfd7 17. g5 Qc7 $5 {Black
prevents Na5.} 18. Rg1 O-O 19. f4 {and the game is very unclear}) 16... Nxf3 $1
{A typical motif in the Paulsen and English Attack structures.} 17. Qxf3 $2 (
17. Bxf6 $1 {is still better} Bxf6 18. Nb6 Bxe4 (18... Qa7 19. Rxd6) 19. Nxa8
Qxa8 $15 {, when Black has a very pleasant position, but all results are still
possible.}) 17... Bxe4 18. Qh3 Bxh1 19. g5 Ne4 $1 20. g6 $1 {White's only
chance is to create some counterplay.} f6 $2 {This move gives White a chance
to get a very good attack.} (20... Ng5 $1 {would be the best defensive move}
21. gxf7+ Kxf7 22. Qg3 Qb7 $15) 21. Qxe6 $2 {This natural capture misses the
chance.} (21. Be3 $1 {would be a very strong move to prepare Nd4 and prevent
Ng5:} f5 22. Nd4 $40) 21... Ng5 $1 {Defending the f7-square.} 22. Qe3 hxg6 23.
Nb6 Ra7 (23... Rxh2 $5 {is also good with the idea of} 24. Nxa8 $2 Be4 $1 $17)
24. Bd3 Rxh2 25. Bxg6+ Kf8 26. Nc5 $5 {White finds this good practical chance.}
Bc6 $1 {Defending the d7-square, which is a key square in this position.} (
26... dxc5 $5 {was also good, but the text move is even better} 27. Bxc5 Kg8
28. Bxe7 Bf3 $15) 27. Ne6+ $1 Nxe6 28. Qxe6 Be8 29. Bd3 (29. Be4 $1 {seems
better to have the possibility of playing Bd5 and controlling the b7-square;
the importance of these facts will become clear in the 29.Bd3 Bd8 line} Qc7 (
29... Bd8 $2 30. Nc8 $1 $18 {and there is no Rb7}) 30. Qb3 $44 {and the game
is far from clear.}) 29... Rc7 (29... Bd8 $1 {is even better} 30. Nc8 Rb7 $1
$17) 30. Re1 (30. Nd5 $2 Bf7 $1 31. Qe4 (31. Nxc7 Bxe6 32. Nxe6+ Kf7 $19) 31...
Bxd5 32. Qxd5 Qb7 $19) (30. Be4 $1 {would be stronger. Black doesn't even have
Qc7, he will have to give up the exchange} Bf7 31. Nd7+ Rxd7 32. Qxd7 Bd8 $15)
30... Qd8 $2 {This is again an inaccuracy.} (30... Qb7 $1 $17 {is suprisingly
strong with the idea of ...Bf7.}) 31. Nd5 Bf7 32. Qe4 Rd7 33. Nf4 $2 {This
move can be logical - to move the knight to the weakened white squares. But
this isn't enough.} (33. Nb6 $1 {would seize the chance} Rc7 34. Nd5 $44) 33...
d5 $1 34. Ng6+ (34. Ne6+ Bxe6 35. Qxe6 Bd6 $17) 34... Bxg6 35. Qxg6 Rh6 (35...
Bd6 {is even more precise to prepare ...Re7.}) 36. Qg2 Bd6 37. Rg1 Rh4 38. Qxd5
$2 {Trying a last practical chance.} Be7 39. Qg2 Rdxd4 40. Qxg7+ Ke8 41. Qg6+
Kd7 42. Qf5+ Kc7 43. Qa5+ Kb8 44. Qxa6 Rd6 $19 45. Qa4 Qb6 46. Re1 Rg4 47. b3
Rg1 48. Bf1 Rd8 49. a3 Bf8 50. Ka2 Qc5 51. axb4 Qxb4 52. Qa6 Rg5 53. Kb2 Ra5
0-1

[Event "London Classic Pro Biz Cup 6th"]
[Site "London"]
[Date "2014.12.09"]
[Round "1.4"]
[White "Giri, Anish"]
[Black "Short, Nigel D"]
[Result "1/2-1/2"]
[WhiteElo "2768"]
[BlackElo "2661"]
[PlyCount "76"]
[EventDate "2014.12.09"]
[EventType "k.o. (rapid)"]
[EventRounds "3"]
[EventCountry "ENG"]
[SourceTitle "CBM 163 Extra"]
[Source "ChessBase"]
[SourceDate "2014.12.23"]
[SourceVersion "1"]
[SourceVersionDate "2014.12.23"]
[SourceQuality "1"]

1. d4 Nf6 2. Nf3 e6 3. c4 c5 4. e3 d5 5. Nc3 a6 6. a3 Nc6 7. Be2 Be7 8. dxc5
dxc4 9. Qxd8+ Nxd8 10. Bxc4 Bxc5 11. b4 Be7 12. Bb2 b5 13. Be2 Bb7 14. O-O O-O
15. Rfd1 Nc6 16. h3 Rfd8 17. Rac1 Rxd1+ 18. Rxd1 Kf8 19. Kf1 Ke8 20. g4 h6 21.
Rc1 Rc8 22. Nd2 Nb8 23. Nb3 Nbd7 24. Nb1 Rxc1+ 25. Bxc1 Ne4 26. Bb2 e5 27. Bf3
Nd6 28. Bxb7 Nxb7 29. N1d2 Nd6 30. Ke2 f6 31. Kd3 Nb6 32. Na5 Kd7 33. Ne4 Ndc4
34. Nxc4 Nxc4 35. Bc1 Kc6 36. Nd2 Nd6 37. Ne4 Nc4 38. Nd2 Nd6 1/2-1/2

[Event "Tata Steel-A 77th"]
[Site "Wijk aan Zee"]
[Date "2015.01.21"]
[Round "10"]
[White "Saric, Ivan"]
[Black "Giri, Anish"]
[Result "0-1"]
[WhiteElo "2666"]
[BlackElo "2784"]
[Annotator "Postny,E"]
[PlyCount "94"]
[EventDate "2015.01.10"]
[EventType "tourn"]
[EventRounds "13"]
[EventCountry "NED"]
[EventCategory "20"]
[SourceTitle "CBM 165"]
[Source "ChessBase"]
[SourceDate "2015.03.11"]
[SourceVersion "1"]
[SourceVersionDate "2015.03.11"]
[SourceQuality "1"]

1. e4 c5 2. Nf3 e6 3. d4 cxd4 4. Nxd4 Nc6 5. Nc3 Qc7 6. Be3 a6 7. Qf3 {This
line has become quite topical nowadays. The queen is going to g3. At the
moment Anish Giri can be seen as the main defender of this line as Black.} Ne5
({In the latest example Giri started with the development of the kingside
knight, which is the main move:} 7... Nf6 8. O-O-O Ne5 9. Qg3 b5 10. f4 Neg4
11. Bg1 b4 12. Nb1 e5 13. fxe5 Nxe5 14. Nf3 d6 15. Bd4 Nh5 16. Qe1 Rb8 17. Nbd2
Be6 $13 {1/2-1/2 (42) Fressinet,L (2713)-Giri,A (2768) Germany 2015}) 8. Qg3 h5
9. f4 {It's curious what Anish had prepared against 9.f3. In the encounter vs
Karjakin he got a bad position right out of the opening.} (9. f3 b5 10. O-O-O
d6 (10... Nf6 $5 11. Bf4 d6 {can be considered.}) 11. f4 Ng4 12. e5 $1 dxe5 13.
fxe5 (13. Ndxb5 $3 axb5 14. Bxb5+ Ke7 15. fxe5 Nxe5 16. Bb6 $1 Qxb6 17. Qxe5
Nf6 18. Rhf1 $40) 13... Nxe3 14. Qxe3 Bd7 15. Be2 $36 {1-0 (42) Karjakin,S 
(2767)-Giri,A (2768) Tashkent 2014}) 9... h4 10. Qh3 Nc4 11. Bxc4 Qxc4 12.
O-O-O b5 {Black has developed only one piece so far. However, he has some
long-term benefits, such as the pair of bishops.} 13. f5 (13. Kb1 Bb7 14. Nf3
Qc7 15. e5 Ne7 16. Ng5 Rc8 17. Rd2 Nd5 18. Nxd5 Bxd5 $15 {0-1 (63) Colmenares,
A (2331)-Bok,B (2572) Basel 2015}) 13... Bb7 14. Rhf1 ({If White seizes the
f-file by} 14. fxe6 dxe6 15. Rhf1 {then Black should reply by} Rd8 $1 {This
position is worth being checked in practice.}) 14... e5 $1 $146 {Anish
correctly deviates first from his own game vs Radjabov, played in the same
event few rounds before. In general it's recommended to close the position for
the side that is behind in development.} (14... Rc8 15. fxe6 (15. Nf3 $1 {
[%cal Gf3e5,Gf3g5] is probably the improvement that was prepared by Saric and
avoided by Giri in current game.}) 15... dxe6 16. Rxf7 Kxf7 17. b3 {[%csl Re6]}
Ba3+ 18. Kb1 Qxc3 19. Qxe6+ Kf8 20. Rf1+ Nf6 21. Rxf6+ gxf6 22. Qxf6+ Kg8 23.
Qg6+ Kf8 24. Qf6+ Kg8 25. Qg6+ Kf8 26. Qf6+ {1/2-1/2 (26) Radjabov,T (2734)
-Giri,A (2784) Wijk aan Zee 2015}) 15. Nb3 {[%cal Gb3a5]} (15. Nf3 $6 d6 {
Except going to d2, White's knight doesn't have further prospects here.}) 15...
Qc7 16. Bg5 {A couple of rounds later the same position arose in the
Challengers Tournament, where the winner of the "B" event tried to improve on
White's play. In fact, the choice of Ivan Saric is more logical, preventing
the smooth development of Black's knight, at least for a while.} (16. Kb1 Rc8
$2 {One and only one mistake is enough! Now White wins by force.} ({After} 
16... Nf6 {Black seems to be fine.}) 17. f6 $1 Nxf6 18. Rxf6 $1 gxf6 19. Bb6
Qc6 20. Na5 Qe6 21. Nxb7 Rb8 22. Nd5 $1 Rxb7 23. Qc3 Qc6 24. Nxf6+ Ke7 25. Bd8+
$1 {A spectacular series of punches.} Ke6 26. Qh3# {1-0 (26) Wei,Y (2675)
-Haast,A (2352) Wijk aan Zee 2015}) 16... Rc8 17. Rf2 (17. f6 {is a principled
move, but Black seems to hold the balance after} gxf6 (17... b4 $4 18. fxg7
Bxg7 19. Rxf7 $1 {is crushing.}) 18. Bxf6 Nxf6 19. Rxf6 b4 20. Rxf7 $1 bxc3 21.
Rfxd7 (21. Rdxd7 cxb2+ 22. Kxb2 Qxc2+ 23. Ka1 Rc6 24. Rd2 Kxf7 25. Rxc2 Rxc2
26. Qf5+ Kg8 {and White has no more than a perpetual check.}) 21... cxb2+ 22.
Kxb2 Qxc2+ 23. Ka1 Rh6 $1 24. Qf3 Qc3+ 25. Qxc3 Rxc3 26. Rxb7 Rf6 {[%cal Gf6f2,
Gf8a3] with sufficient compensation for the pawn.}) 17... Be7 18. Bxe7 (18. Qg4
Bxg5+ 19. Qxg5 Kf8 ({There is no point in sacrificing the pawn:} 19... Nf6 $6
20. Qxg7 Ke7 21. Qg5 Rcg8 22. Qd2 $14) 20. a3 Nf6 21. Qd2 $13 {Black's rook
will come out via h6 as in the game.}) 18... Kxe7 {Of course. The knight is
going to be developed to f6, pressing against the e4 target.} 19. Rfd2 Nf6 $11
{[%cal Gb5b4]} 20. a3 Rh6 21. Qe3 Kf8 {The king is safe now.} 22. Kb1 Kg8 23.
Rg1 ({An attempt to transfer the knight:} 23. Nc1 Qb8 24. N1a2 {[%cal Ga2b4,
Gb4d5] is easily parried by} a5 $15 {The other knight is tied to protecting
the Pe4.}) 23... Ng4 24. Qf3 Qb6 25. Re1 {Not a mistake, but it looks more
logical to double the rooks on the d-file.} (25. Rgd1 Nf6 26. Rd6 Qc7 27. Qe2
Nxe4 $5 (27... Bc6 $11) 28. Rxh6 (28. Rxd7 $6 Qxc3 $1 29. Rxb7 Qc4 $15) 28...
Nxc3+ 29. bxc3 gxh6 30. Rd3 $44) 25... Nf6 {The knight has come back, but
created some disharmony in White's camp. The rook can no longer occupy the
g-file so easily.} 26. g4 {This is White's only active plan, but now Black's
kingside rook becomes active without much of an effort.} hxg3 27. Qxg3 (27.
hxg3 b4 (27... a5 $2 28. g4 b4 29. Na4 Qb5 30. g5 Nxe4 31. Rxe4 Bxe4 32. Qxe4 {
is fine for White as there is no mate after} Qf1+ 33. Ka2 Rh1 {[%cal Gf1b1]}
34. axb4) 28. axb4 Qxb4 29. g4 Rh4 30. Qg3 (30. g5 $2 Nxe4 $19) 30... Rxg4 31.
Qxe5 Bxe4 (31... Nxe4 $4 32. Rd4 $18) 32. Nxe4 (32. Rd4 Qxb3 $17) 32... Rxe4
33. Rxe4 Nxe4 $17) 27... d6 (27... Rxc3 $6 28. Qxc3 Nxe4 29. Rxe4 Bxe4 30. Qxe5
$11) 28. Rg2 Rh7 29. Qg5 {[%cal Gg5f6]} (29. Qd3 b4 30. axb4 Qxb4 $15) 29...
Kf8 30. Qd2 Rxc3 $1 {This is not even an exchange sacrifice, as Black gets the
exchange back by force.} 31. Qxc3 Nxe4 32. Qd3 $2 (32. Qb4 $1 Nc3+ 33. bxc3
Bxg2 34. Rxe5 {Thanks to the pin along the a3-f8 diagonal White has captured
an important central pawn. Black still should be better, but here the whole
fight would still lie ahead. For instance:} Rxh2 (34... Qd8 35. Re2 Rh4 36. Nd4
$15) 35. Re2 Qd8 36. Rd2 Rh4 37. Rxd6 Rxb4 38. Rxd8+ Ke7 39. cxb4 Kxd8 40. Nc5
{Black is playing for a win in this endgame, but White should hold.}) 32...
Nc3+ 33. Qxc3 Bxg2 34. Qc8+ Ke7 {Black is a healthy pawn up and his king is
fairly safe behind the central pawn chain.} 35. Qg8 Qf2 36. Rd1 (36. Rxe5+ dxe5
37. Qxh7 Kf6 $19 {[%cal Gg2e4]}) 36... Be4 37. Rd2 Qg1+ 38. Ka2 Bxf5 $19 39.
Qb8 Rh6 40. Rd5 Bd7 41. Qb7 Qg4 42. Na5 {Trying to get the knight into the
action, but Black's king escapes easily.} Kf6 $1 43. b3 Rxh2 44. Rxd6+ Be6 45.
Kb2 Qf4 46. Nc6 Rh1 {[%cal Gf4c1]} 47. Qe7+ Kf5 0-1

[Event "Tbilisi FIDE GP"]
[Site "Tbilisi"]
[Date "2015.02.25"]
[Round "9"]
[White "Mamedyarov, Shakhriyar"]
[Black "Giri, Anish"]
[Result "1/2-1/2"]
[WhiteElo "2759"]
[BlackElo "2797"]
[Annotator "Szabo,Kr"]
[PlyCount "62"]
[EventDate "2015.02.15"]
[EventType "tourn"]
[EventRounds "11"]
[EventCountry "GEO"]
[EventCategory "20"]
[SourceTitle "CBM 165"]
[Source "ChessBase"]
[SourceDate "2015.03.11"]
[SourceVersion "1"]
[SourceVersionDate "2015.03.11"]
[SourceQuality "1"]

1. e4 c5 2. Nf3 e6 3. d4 cxd4 4. Nxd4 Nc6 5. Nc3 Qc7 6. Be3 a6 7. Qf3 Ne5 8.
Qg3 h5 {Giri's favourite move.} 9. Nf5 $5 $146 {A very powerful novelty by
Mamedyarov!} ({One month ago Giri already had a game against Saric with} 9. f4
h4 10. Qh3 Nc4 11. Bxc4 Qxc4 12. O-O-O b5 13. f5 Bb7 14. Rhf1 e5 15. Nb3 Qc7
16. Bg5 Rc8 17. Rf2 Be7 18. Bxe7 Kxe7 19. Rfd2 Nf6 $132 {Iv.Saric-Giri, Wijk
aan Zee 2015, with a complicated middlegame, later Black managed to win.}) ({or
} 9. f3 b5 10. O-O-O d6 11. f4 Ng4 12. e5 {(Karjakin-Giri, Tashkent 2014) and
now} Nxe3 {was correct} 13. Qxe3 d5 {followed by ...Bc5. However after} 14. f5
{White has some initiative.}) 9... f6 $1 {The best reply! Black doesn't take
the N immediately, first he protects his e5 N, and frees the important
f7-square for his K.} ({If Black captures the N with} 9... exf5 {it involves a
dangerous attack with} 10. Nd5 Qb8 (10... Qd6 11. Bb6 $40) 11. Bb6 h4 (11...
Bd6 $2 12. Qxg7 $18) 12. Qc3 Nc6 13. Bc7 Qa7 14. O-O-O $36 {and White has a
huge initiative for the piece.}) 10. O-O-O ({The greedy} 10. Nxg7+ $2 {could
have been met by} Kf7 {and the N is trapped.}) 10... exf5 11. Nd5 Qc6 12. Bb6
fxe4 (12... Kf7 $2 {is a mistake, because of} 13. exf5 Bd6 14. f4 Ng4 15. Qb3
Kf8 16. Bc4 $40 {and Black's K has become uncomfortable, White has a strong
attack.}) 13. Nc7+ Kf7 14. Qb3+ (14. Nxa8 d5 15. Qb3 {transposes to the game.})
14... d5 15. Nxa8 Ne7 16. Nc7 Bg4 $1 {A good move. Black continues the
development, moreover with tempo, White has to move his R.} (16... Be6 $2 {
is not working, as} 17. Nxe6 Qxe6 18. f3 $1 $16 {and White is better.}) 17. Rd4
Nd7 18. Nxd5 ({The engine recommends} 18. Ba5 Nc5 19. Qb6 Qxb6 20. Bxb6 Ne6 21.
Nxe6 Bxe6 {and Black has some compensation for the exchange, however only
White can play for win.}) 18... Nxd5 {Black simplifies the position, which
leads an equal position.} (18... Be6 $1 {was more accurate} 19. Bc4 Nxd5 20.
Bxd5 Nxb6 21. Bxe6+ Qxe6 22. Qxe6+ Kxe6 23. Rxe4+ Kf7 {and White is the one
who has to fight for the draw.}) 19. Rxd5 Be6 20. Rxd7+ ({Of course} 20. Bc4 $2
{does not work as} Nxb6 $1 $19 {and Black wins.}) 20... Qxd7 21. Bc4 Bxc4 22.
Qxc4+ Qe6 23. Qc7+ Qe7 ({In the event of} 23... Kg6 24. Rd1 Qxa2 25. Qxb7 $14 {
and White's chances are slightly better.}) 24. Qc4+ Qe6 25. Qc7+ Qe7 26. Qc8 {
White continues the game, but Black can just finish the development.} g6 $1 {
The important move. Now White can't come with his R, he has to avoid ...Bh6+.}
27. Be3 Bg7 28. Qc4+ Qe6 29. Qc7+ Qe7 30. Qc4+ Qe6 31. Qc7+ Qe7 {and draw.
What a great struggle!} 1/2-1/2